Sports Quiz

Random Sports or Baseball Quiz
Score 0/96 Timer 10:00
3 Plays Today
Category Player Name % Correct
GamesJohnny Bench
93.6%
HitsJohnny Bench
93.5%
Home RunsJohnny Bench
93.5%
Runs ScoredJohnny Bench
93.5%
RBIJohnny Bench
93.5%
WalksJohnny Bench
93.5%
StrikeoutsJohnny Bench
93.5%
HitsMike Piazza
89.6%
Home RunsMike Piazza
89.6%
Runs ScoredMike Piazza
89.6%
RBIMike Piazza
89.6%
Batting Average*Mike Piazza
89.6%
Slugging Percentage*Mike Piazza
89.6%
GamesIvan Rodriguez
88%
HitsIvan Rodriguez
88%
Home RunsIvan Rodriguez
88%
Runs ScoredIvan Rodriguez
88%
RBIIvan Rodriguez
88%
Stolen BasesIvan Rodriguez
88%
StrikeoutsIvan Rodriguez
88%
GamesYogi Berra
87.8%
HitsYogi Berra
87.8%
Home RunsYogi Berra
87.8%
Runs ScoredYogi Berra
87.8%
RBIYogi Berra
87.8%
Slugging Percentage*Yogi Berra
87.8%
Slugging Percentage*Johnny Bench
86.9%
On-Base Percentage*Mike Piazza
85.3%
GamesCarlton Fisk
79.3%
HitsCarlton Fisk
79.3%
Home RunsCarlton Fisk
79.3%
Runs ScoredCarlton Fisk
79.3%
Category Player Name % Correct
RBICarlton Fisk
79.3%
Stolen BasesCarlton Fisk
79.3%
Times Hit By PitchCarlton Fisk
79.3%
StrikeoutsCarlton Fisk
79.3%
WalksJorge Posada
74.7%
StrikeoutsJorge Posada
74.6%
Home RunsBrian McCann
74.2%
GamesGary Carter
61.7%
HitsGary Carter
61.7%
Home RunsGary Carter
61.7%
RBIGary Carter
61.7%
On-Base Percentage*Jorge Posada
59.4%
Batting Average*Buster Posey
59.3%
Slugging Percentage*Roy Campanella
55%
Batting Average*Ivan Rodriguez
53.4%
StrikeoutsJason Varitek
51.4%
GamesJason Kendall
47.4%
HitsJason Kendall
47.4%
Runs ScoredJason Kendall
47.4%
Stolen BasesJason Kendall
47.4%
Times Hit By PitchJason Kendall
47.4%
Slugging Percentage*Mickey Cochrane
43.7%
Slugging Percentage*Javy Lopez
43.2%
Batting Average*Bill Dickey
40.8%
RBIBill Dickey
40.7%
On-Base Percentage*Bill Dickey
40.7%
Slugging Percentage*Bill Dickey
40.7%
StrikeoutsBenito Santiago
37.9%
GamesTed Simmons
37.8%
HitsTed Simmons
37.8%
Runs ScoredTed Simmons
37.8%
RBITed Simmons
37.8%
Category Player Name % Correct
WalksTed Simmons
37.8%
GamesBob Boone
36.1%
StrikeoutsLance Parrish
34.8%
Home RunsLance Parrish
34.8%
Batting Average*Mickey Cochrane
33.8%
Runs ScoredMickey Cochrane
33.8%
On-Base Percentage*Mickey Cochrane
33.8%
WalksRick Ferrell
32%
Batting Average*Gabby Hartnett
29.2%
Slugging Percentage*Gabby Hartnett
25.9%
Times Hit By PitchA.J. Pierzynski
23.3%
WalksDarrell Porter
22.4%
StrikeoutsMickey Tettleton
21.7%
WalksMickey Tettleton
21.7%
Times Hit By PitchBill Freehan
20.9%
Batting Average*Ernie Lombardi
20.6%
Batting Average*Spud Davis
19.9%
WalksGene Tenace
16.4%
On-Base Percentage*Gene Tenace
16.4%
Stolen BasesRay Schalk
12.9%
WalksMickey Cochrane
12.3%
Stolen BasesRoger Bresnahan
11.3%
On-Base Percentage*Roger Bresnahan
11.3%
On-Base Percentage*Rick Ferrell
8.6%
Stolen BasesRed Dooin
7%
Times Hit By PitchRussell Martin
6.7%
On-Base Percentage*Wally Schang
5.9%
Times Hit By PitchWally Schang
5.9%
Times Hit By PitchSherm Lollar
5.2%
Stolen BasesWally Schang
3.4%
Times Hit By PitchJason LaRue
3.4%
Stolen BasesJohnny Kling
2.8%

You're not logged in!

Compare scores with friends on all Sporcle quizzes.
OR
Log In

Sporcle TV

Today on Sporcle TV


Watch our educational content, quiz creation guides, and fun videos on Sporcle TV.

Show Comments

Extras

Top Quizzes Today


Score Distribution

Paid Content

Your Account Isn't Verified!

In order to create a playlist on Sporcle, you need to verify the email address you used during registration. Go to your Sporcle Settings to finish the process.

Report this User

Report this user for behavior that violates our Community Guidelines.

Details: